[Event "Tradewise Gibraltar Masters 14th"]
[Site "Gibraltar"]
[Date "2016.01.26"]
[Round "1.2"]
[White "Shachar, Ehud"]
[Black "Vachier-Lagrave, Maxime"]
[Result "0-1"]
[WhiteElo "2353"]
[BlackElo "2785"]
[PlyCount "84"]
[EventDate "2016.01.26"]
[EventType "swiss"]
[EventRounds "10"]
[EventCountry "GGB"]
[Source "www.saund.co.uk"]
[SourceDate "2005.02.07"]

1. e4 c5 2. Nf3 d6 3. c3 Nf6 4. Be2 Bd7 5. d3 Nc6 6. O-O g6 7. Re1 Bg7 8. Bf1
O-O 9. h3 e5 10. Nbd2 b5 11. a3 a5 12. a4 b4 13. Nc4 Be6 14. Ng5 Bc8 15. Be3
Rb8 16. Qc1 Ba6 17. Bd2 Re8 18. Nf3 d5 19. exd5 Nxd5 20. g3 Qd7 21. h4 Rbd8 22.
Bg5 f6 23. Be3 Qe7 24. Nh2 Bxc4 25. dxc4 Nxe3 26. Qxe3 f5 27. Rad1 e4 28. Rd5
Rxd5 29. cxd5 Ne5 30. cxb4 axb4 31. Qb3 Qd6 32. a5 Rc8 33. Rc1 Bh6 34. Rc2 f4
35. Bh3 Ra8 36. Be6+ Kh8 37. Re2 e3 38. g4 f3 39. Rxe3 c4 40. Qd1 Bxe3 41. fxe3
Nd3 42. Qxf3 Rf8 0-1

[Event "Tradewise Gibraltar Masters 14th"]
[Site "Gibraltar"]
[Date "2016.01.26"]
[Round "1.3"]
[White "Anand, Viswanathan"]
[Black "Lazarne Vajda, Szidonia"]
[Result "1/2-1/2"]
[WhiteElo "2784"]
[BlackElo "2359"]
[PlyCount "90"]
[EventDate "2016.01.26"]
[EventType "swiss"]
[EventRounds "10"]
[EventCountry "GGB"]
[Source "www.saund.co.uk"]
[SourceDate "2005.02.07"]

1. c4 c6 2. d4 d5 3. Nf3 Nf6 4. Nc3 dxc4 5. a4 e6 6. e3 c5 7. Bxc4 Nc6 8. O-O
cxd4 9. exd4 Be7 10. Qe2 O-O 11. Rd1 Nb4 12. Bg5 h6 13. Bh4 Bd7 14. Ne5 Be8 15.
a5 Nfd5 16. Bg3 Rc8 17. a6 bxa6 18. Nxd5 exd5 19. Bxa6 Rc2 20. Rd2 Rxd2 21.
Qxd2 Qb6 22. Bf1 a5 23. h4 Bf6 24. Ra3 Nc6 25. Nxc6 Bxc6 26. Rxa5 Qxd4 27. Qxd4
Bxd4 28. b4 Ra8 29. Bd3 Bb6 30. Rxa8+ Bxa8 31. Kf1 f6 32. h5 Kf7 33. Ke2 Bc6
34. Bf4 Ke7 35. f3 Bd4 36. Be3 Bxe3 37. Kxe3 Bb7 38. Kd4 Kd6 39. b5 Bc8 40. g4
Bd7 41. b6 Bc8 42. Bg6 Kc6 43. Bf5 Bb7 44. Be6 Kxb6 45. Bxd5 Bc8 1/2-1/2

[Event "Tradewise Gibraltar Masters 14th"]
[Site "Gibraltar"]
[Date "2016.01.26"]
[Round "1.4"]
[White "Tate, Alan"]
[Black "Harikrishna, Pentala"]
[Result "0-1"]
[WhiteElo "2345"]
[BlackElo "2755"]
[PlyCount "90"]
[EventDate "2016.01.26"]
[EventType "swiss"]
[EventRounds "10"]
[EventCountry "GGB"]
[Source "www.saund.co.uk"]
[SourceDate "2005.02.07"]

1. Nf3 Nf6 2. g3 d6 3. d4 g6 4. Bg2 Bd7 5. Nc3 d5 6. Bg5 c6 7. Bxf6 exf6 8. e4
dxe4 9. Nxe4 f5 10. Ned2 Bh6 11. Ne5 Bc8 12. c3 O-O 13. O-O a5 14. a4 Be6 15.
Re1 Na6 16. Qc2 Qc7 17. Rad1 Rad8 18. Nb3 Rd6 19. Nd3 b6 20. Nbc1 c5 21. dxc5
bxc5 22. Ne5 Rxd1 23. Qxd1 Rd8 24. Qe2 c4 25. Nf3 Bd7 26. Bf1 Rc8 27. Qd1 Nc5
28. Bxc4 Bxa4 29. b3 Be8 30. Bf1 Ne4 31. c4 Rd8 32. Nd3 Bg7 33. Qc2 Bc6 34. Bg2
Qb6 35. Nf4 Qc5 36. Rf1 Bf6 37. Nd3 Qd6 38. Rd1 Nc3 39. Rd2 Be4 40. Nfe1 Qd4
41. Qb2 Rb8 42. c5 a4 43. b4 Qc4 44. Kh1 Bxd3 45. Nxd3 Ne4 0-1

[Event "Tradewise Gibraltar Masters 14th"]
[Site "Gibraltar"]
[Date "2016.01.26"]
[Round "1.5"]
[White "Li Chao B"]
[Black "Wemmers, Xander"]
[Result "1-0"]
[WhiteElo "2751"]
[BlackElo "2352"]
[PlyCount "99"]
[EventDate "2016.01.26"]
[EventType "swiss"]
[EventRounds "10"]
[EventCountry "GGB"]
[Source "www.saund.co.uk"]
[SourceDate "2005.02.07"]

1. Nf3 Nf6 2. g3 b5 3. Bg2 Bb7 4. O-O e6 5. d3 Be7 6. e4 d6 7. c3 Nbd7 8. Nd4
c6 9. g4 g6 10. h3 e5 11. Ne2 d5 12. exd5 Nxd5 13. c4 Nc7 14. Nbc3 b4 15. Ne4
h5 16. d4 hxg4 17. hxg4 Kf8 18. dxe5 Nxe5 19. Qxd8+ Rxd8 20. Bf4 f6 21. g5 Kf7
22. gxf6 Bxf6 23. Rad1 Ba6 24. Nxf6 Kxf6 25. Nd4 Rde8 26. Nxc6 Nxc6 27. Bxc6
Ne6 28. Rfe1 Nxf4 29. Rxe8 Rxe8 30. Bxe8 Bxc4 31. b3 Be6 32. Bb5 Ke5 33. Rd8
Bf5 34. Bc4 Bb1 35. Kh2 a5 36. Ra8 Kd4 37. Rxa5 Nh5 38. Ra6 Kc3 39. Bf7 Nf4 40.
a4 bxa3 41. Rxa3 Bf5 42. Ra7 Nd3 43. Kg3 Nc5 44. Kf4 Nd3+ 45. Ke3 Ne5 46. Rc7+
Kb4 47. f4 Nxf7 48. Rxf7 Bc2 49. Kd4 Kxb3 50. Rb7+ 1-0

[Event "Tradewise Gibraltar Masters 14th"]
[Site "Gibraltar"]
[Date "2016.01.26"]
[Round "1.6"]
[White "Vuilleumier, Alexandre"]
[Black "Yu Yangyi"]
[Result "1/2-1/2"]
[WhiteElo "2356"]
[BlackElo "2747"]
[PlyCount "90"]
[EventDate "2016.01.26"]
[EventType "swiss"]
[EventRounds "10"]
[EventCountry "GGB"]
[Source "www.saund.co.uk"]
[SourceDate "2005.02.07"]

1. e4 c5 2. Nf3 d6 3. d4 cxd4 4. Nxd4 Nf6 5. Nc3 a6 6. h3 e6 7. g4 Nfd7 8. a4
Nc6 9. Bg2 Be7 10. O-O O-O 11. Be3 Nde5 12. b3 Ng6 13. Qd2 Nxd4 14. Bxd4 Bg5
15. Be3 Bxe3 16. Qxe3 e5 17. Ne2 Be6 18. f4 exf4 19. Nxf4 Rc8 20. Nxg6 hxg6 21.
Rf2 Qa5 22. Rd1 Rc6 23. c4 Qe5 24. Qd4 a5 25. Rfd2 g5 26. Qa7 Re8 27. Kh1 b6
28. Qb7 Rec8 29. Qe7 Kh7 30. Rd3 R8c7 31. Qf8 Rd7 32. Qa8 Rcc7 33. Qa6 Rc6 34.
Qb5 Rdc7 35. R1d2 Qf4 36. Rd1 Qe5 37. R1d2 f6 38. Rxd6 Qxd6 39. Rxd6 Rxd6 40.
e5 Rd1+ 41. Kh2 Rc5 42. Qe8 Rxe5 43. Qh5+ Kg8 44. Qe8+ Kh7 45. Qh5+ Kg8 1/2-1/2

[Event "Tradewise Gibraltar Masters 14th"]
[Site "Gibraltar"]
[Date "2016.01.26"]
[Round "1.7"]
[White "Jakovenko, Dmitry"]
[Black "Vojinovic, Jovana"]
[Result "1-0"]
[WhiteElo "2732"]
[BlackElo "2352"]
[PlyCount "91"]
[EventDate "2016.01.26"]
[EventType "swiss"]
[EventRounds "10"]
[EventCountry "GGB"]
[Source "www.saund.co.uk"]
[SourceDate "2005.02.07"]

1. Nf3 c5 2. e4 d6 3. d4 cxd4 4. Nxd4 Nf6 5. Nc3 Nc6 6. Bg5 Bd7 7. Qd2 h6 8.
Bxf6 gxf6 9. O-O-O Nxd4 10. Qxd4 Qa5 11. f4 Rc8 12. Be2 Bg7 13. f5 h5 14. Kb1
Qc5 15. Qd3 Bh6 16. Nd5 h4 17. c3 Bg5 18. Qf3 a6 19. Rd4 Bc6 20. Bc4 b5 21. Bb3
Kf8 22. a3 a5 23. Rhd1 Qa7 24. Nf4 Bxf4 25. Qxf4 Rb8 26. Bd5 Rb6 27. R1d3 b4
28. axb4 axb4 29. Bxc6 Rxc6 30. Rxb4 Qg1+ 31. Ka2 Rc8 32. Rd2 Ke8 33. Ra4 Rb8
34. Qf2 Qxf2 35. Rxf2 Rg8 36. b4 Rg4 37. Re2 Rf4 38. c4 Rf1 39. b5 Rc1 40. Kb2
Rh1 41. h3 Kf8 42. Kc3 Rb7 43. Rb2 Ke8 44. Ra8+ Kd7 45. Rh8 Rc1+ 46. Rc2 1-0

[Event "Tradewise Gibraltar Masters 14th"]
[Site "Gibraltar"]
[Date "2016.01.26"]
[Round "1.8"]
[White "Arakhamia-Grant, Ketevan"]
[Black "Wojtaszek, Radoslaw"]
[Result "0-1"]
[WhiteElo "2346"]
[BlackElo "2727"]
[PlyCount "82"]
[EventDate "2016.01.26"]
[EventType "swiss"]
[EventRounds "10"]
[EventCountry "GGB"]
[Source "www.saund.co.uk"]
[SourceDate "2005.02.07"]

1. e4 c5 2. Nc3 d6 3. g3 Nc6 4. Bg2 g6 5. d3 Bg7 6. f4 e6 7. Nf3 Nge7 8. Be3
O-O 9. O-O b6 10. d4 d5 11. e5 Nf5 12. Bf2 Ba6 13. Re1 cxd4 14. Nxd4 Nfxd4 15.
Bxd4 Nxd4 16. Qxd4 Qe7 17. Qa4 Qc5+ 18. Kh1 Bb7 19. Ne2 b5 20. Qb3 a5 21. Qd3
Rfc8 22. Nd4 b4 23. a4 Qb6 24. Rad1 Rc4 25. b3 Rc3 26. Qd2 Rac8 27. g4 Bh6 28.
Rf1 Ba6 29. Rf3 Rxf3 30. Nxf3 Rc3 31. Re1 Qc5 32. Nd4 Bd3 33. Ne2 Bxe2 34. Rxe2
Qe7 35. g5 Bf8 36. Re3 Qc5 37. Re2 Qb6 38. Qd1 Bc5 39. Qe1 Be3 40. Qf1 Qd4 41.
f5 gxf5 0-1

[Event "Tradewise Gibraltar Masters 14th"]
[Site "Gibraltar"]
[Date "2016.01.26"]
[Round "1.9"]
[White "Rapport, Richard"]
[Black "Gara, Anita"]
[Result "1-0"]
[WhiteElo "2721"]
[BlackElo "2339"]
[PlyCount "109"]
[EventDate "2016.01.26"]
[EventType "swiss"]
[EventRounds "10"]
[EventCountry "GGB"]
[Source "www.saund.co.uk"]
[SourceDate "2005.02.07"]

1. d4 d5 2. Nf3 c5 3. e3 Nf6 4. Nbd2 e6 5. c3 Bd6 6. Bd3 Nc6 7. dxc5 Bxc5 8. b4
Bd6 9. Bb2 a6 10. O-O O-O 11. a3 e5 12. e4 Bg4 13. h3 Bh5 14. c4 dxc4 15. Bxc4
Re8 16. Re1 b5 17. Bf1 Qb6 18. Qb3 Rad8 19. Rac1 Bb8 20. Rc5 Nd7 21. Rc2 Nd4
22. Bxd4 exd4 23. Rec1 Ne5 24. Nxe5 Bxe5 25. Qd3 Bg6 26. g3 f6 27. Rc6 Qb7 28.
Nb3 Rc8 29. Rxc8 Rxc8 30. Nc5 Qe7 31. Bg2 h5 32. h4 Qd8 33. Kh2 Bf7 34. a4 Bc4
35. Rxc4 bxc4 36. Qxc4+ Kh8 37. Qxa6 Rxc5 38. bxc5 d3 39. Bf3 d2 40. Qe2 g6 41.
Kg2 Kg7 42. c6 Bc7 43. Qb5 d1=Q 44. Bxd1 Qxd1 45. Qb7 Qd6 46. a5 Qe5 47. a6 Kh6
48. Qb4 Bb8 49. Qd2+ g5 50. hxg5+ fxg5 51. Qd5 Qe7 52. e5 h4 53. c7 h3+ 54.
Kxh3 Qxc7 55. Qd6+ 1-0

[Event "Tradewise Gibraltar Masters 14th"]
[Site "Gibraltar"]
[Date "2016.01.26"]
[Round "1.11"]
[White "Bacrot, Etienne"]
[Black "Pourkashiyan, Atousa"]
[Result "1-0"]
[WhiteElo "2697"]
[BlackElo "2338"]
[PlyCount "81"]
[EventDate "2016.01.26"]
[EventType "swiss"]
[EventRounds "10"]
[EventCountry "GGB"]
[Source "www.saund.co.uk"]
[SourceDate "2005.02.07"]

1. c4 e6 2. Nc3 d5 3. d4 Be7 4. cxd5 exd5 5. Bf4 c6 6. e3 Bd6 7. Bxd6 Qxd6 8.
Bd3 Ne7 9. Qc2 g6 10. f3 Na6 11. Qd2 Nc7 12. Nge2 c5 13. dxc5 Qxc5 14. Rc1 Nc6
15. e4 dxe4 16. Nxe4 Qe7 17. Qc3 Qb4 18. Qxb4 Nxb4 19. Rxc7 Nxd3+ 20. Kd2 Ne5
21. Nd6+ Kd8 22. Rhc1 Nc6 23. R7xc6 bxc6 24. Nxf7+ Ke7 25. Nxh8 Bd7 26. Nxg6+
hxg6 27. Rc5 Rb8 28. b3 Rb6 29. Ra5 Rb7 30. h4 Kf6 31. Ng3 Be8 32. Ne4+ Kg7 33.
Ke3 Re7 34. Ra6 Kh6 35. Kf4 Rf7+ 36. Kg3 Rc7 37. Nd6 Bd7 38. Nf7+ Kg7 39. Ne5
Be8 40. f4 Kf6 41. Kg4 1-0

[Event "Tradewise Gibraltar Masters 14th"]
[Site "Gibraltar"]
[Date "2016.01.26"]
[Round "1.12"]
[White "Mihajlov, Sebastian"]
[Black "Ni Hua"]
[Result "0-1"]
[WhiteElo "2335"]
[BlackElo "2697"]
[PlyCount "80"]
[EventDate "2016.01.26"]
[EventType "swiss"]
[EventRounds "10"]
[EventCountry "GGB"]
[Source "www.saund.co.uk"]
[SourceDate "2005.02.07"]

1. d4 Nf6 2. c4 e6 3. Nf3 d5 4. Nc3 a6 5. cxd5 exd5 6. Bg5 Be6 7. e3 Nbd7 8.
Bd3 h6 9. Bh4 Bd6 10. O-O c6 11. Qc2 Qc7 12. Bg3 Bxg3 13. hxg3 O-O 14. b4 Qd6
15. Rab1 Rfc8 16. Rfc1 b6 17. Qe2 a5 18. a3 b5 19. e4 dxe4 20. Nxe4 Nxe4 21.
Qxe4 Nf6 22. Qe5 Qf8 23. a4 axb4 24. axb5 cxb5 25. Rc5 Rxc5 26. dxc5 Rc8 27.
Rxb4 Rxc5 28. Qb2 Bc4 29. Bxc4 bxc4 30. Qd4 Qc8 31. Qd6 Rd5 32. Rb8 Rd1+ 33.
Qxd1 Qxb8 34. Qd4 Qb1+ 35. Kh2 Qe4 36. Qc5 Ng4+ 37. Kh3 Qe6 38. Nd4 Nxf2+ 39.
Kh2 Ng4+ 40. Kh3 Qd7 0-1

[Event "Tradewise Gibraltar Masters 14th"]
[Site "Gibraltar"]
[Date "2016.01.26"]
[Round "1.13"]
[White "Naiditsch, Arkadij"]
[Black "Mannion, Stephen R"]
[Result "1-0"]
[WhiteElo "2696"]
[BlackElo "2334"]
[PlyCount "81"]
[EventDate "2016.01.26"]
[EventType "swiss"]
[EventRounds "10"]
[EventCountry "GGB"]
[Source "www.saund.co.uk"]
[SourceDate "2005.02.07"]

1. c4 Nf6 2. Nc3 c5 3. g3 e6 4. Nf3 b6 5. Bg2 Bb7 6. O-O Be7 7. Re1 d5 8. cxd5
Nxd5 9. d3 O-O 10. Bd2 Nc6 11. a3 Rc8 12. Nxd5 Qxd5 13. b4 e5 14. bxc5 Bxc5 15.
Ng5 Qd8 16. Qa4 Qd4 17. Qxd4 Bxd4 18. Rab1 Rfd8 19. Ne4 f5 20. Ng5 Rd6 21. Rec1
h6 22. Nf3 e4 23. Nh4 Rf8 24. e3 Bf6 25. Nxf5 Rxd3 26. Be1 Ne5 27. Rc7 Rf7 28.
Rxb7 Rxb7 29. Bxe4 Rbd7 30. f4 Nc4 31. Bxd3 Rxd3 32. e4 Nxa3 33. Rc1 Bb2 34.
Rc8+ Kh7 35. e5 Rd1 36. Kf2 Rc1 37. Rb8 Rc7 38. Bb4 Nb5 39. e6 Nd4 40. e7 Rc2+
41. Kf1 1-0

[Event "Tradewise Gibraltar Masters 14th"]
[Site "Gibraltar"]
[Date "2016.01.26"]
[Round "1.14"]
[White "Zwahr, Paul"]
[Black "Ragger, Markus"]
[Result "0-1"]
[WhiteElo "2333"]
[BlackElo "2689"]
[PlyCount "78"]
[EventDate "2016.01.26"]
[EventType "swiss"]
[EventRounds "10"]
[EventCountry "GGB"]
[Source "www.saund.co.uk"]
[SourceDate "2005.02.07"]

1. e4 c5 2. Nf3 d6 3. d4 cxd4 4. Nxd4 Nf6 5. Nc3 a6 6. f3 e5 7. Nb3 Be6 8. Be3
Be7 9. Qd2 Nbd7 10. O-O-O h5 11. Kb1 Rc8 12. g3 b5 13. a3 Nb6 14. Qf2 Nfd7 15.
Nd5 Nxd5 16. exd5 Bf5 17. Bd3 Bxd3 18. Rxd3 O-O 19. g4 hxg4 20. fxg4 Bg5 21.
Bxg5 Qxg5 22. h4 Qd8 23. g5 Rc4 24. Qg2 f5 25. gxf6 Nxf6 26. Rg3 Qd7 27. h5 Ne4
28. Rf3 Rxf3 29. Qxf3 Qf7 30. Qe3 Qf2 31. Qd3 Ng3 32. Rh3 Rg4 33. Qd1 Rf4 34.
Qd3 Rf3 35. Qd1 Qg2 36. Rh2 Rf1 37. Rxg2 Rxd1+ 38. Ka2 Nxh5 39. Rd2 Re1 0-1

[Event "Tradewise Gibraltar Masters 14th"]
[Site "Gibraltar"]
[Date "2016.01.26"]
[Round "1.15"]
[White "Howell, David"]
[Black "Perez Garcia, Rodney Oscar"]
[Result "1-0"]
[WhiteElo "2685"]
[BlackElo "2332"]
[PlyCount "73"]
[EventDate "2016.01.26"]
[EventType "swiss"]
[EventRounds "10"]
[EventCountry "GGB"]
[Source "www.saund.co.uk"]
[SourceDate "2005.02.07"]

1. c4 c6 2. e4 d5 3. exd5 cxd5 4. d4 Nf6 5. Nc3 e6 6. Nf3 Be7 7. cxd5 Nxd5 8.
Bd3 Nc6 9. O-O O-O 10. Re1 Nf6 11. a3 b6 12. Be3 Bb7 13. Qe2 Rc8 14. Rad1 Nd5
15. Nxd5 Qxd5 16. Bc4 Qh5 17. d5 Ne5 18. Nxe5 Qxe5 19. dxe6 Qe4 20. exf7+ Kh8
21. Qf1 Rxc4 22. Rd7 Bc6 23. Rxe7 Qxe7 24. Qxc4 Qd7 25. Rc1 Bb7 26. Qc7 Qxf7
27. Bd4 Kg8 28. Qg3 Rc8 29. Re1 Rd8 30. f3 h6 31. Bxg7 Qxg7 32. Qxg7+ Kxg7 33.
Re7+ Kf6 34. Rxb7 Rd1+ 35. Kf2 Rd2+ 36. Kg3 Rxb2 37. Rxa7 1-0

[Event "Tradewise Gibraltar Masters 14th"]
[Site "Gibraltar"]
[Date "2016.01.26"]
[Round "1.16"]
[White "Lombaers, Peter"]
[Black "Almasi, Zoltan"]
[Result "0-1"]
[WhiteElo "2328"]
[BlackElo "2684"]
[PlyCount "154"]
[EventDate "2016.01.26"]
[EventType "swiss"]
[EventRounds "10"]
[EventCountry "GGB"]
[Source "www.saund.co.uk"]
[SourceDate "2005.02.07"]

1. d4 Nf6 2. c4 e6 3. Nc3 Bb4 4. e3 O-O 5. Bd3 b6 6. Nge2 Bb7 7. a3 Be7 8. e4
d6 9. O-O Nbd7 10. Ng3 e5 11. d5 g6 12. b4 h5 13. Ra2 Nh7 14. Bh6 Re8 15. Nh1
h4 16. f3 Bg5 17. Bxg5 Nxg5 18. Nf2 Nf6 19. g4 hxg3 20. hxg3 Bc8 21. g4 Kg7 22.
Kg2 Rh8 23. Rh1 a5 24. Rxh8 Qxh8 25. Qh1 Qd8 26. Ra1 Bd7 27. b5 Qe7 28. Qh4
Nfh7 29. Rh1 Qf6 30. Qh6+ Kg8 31. Be2 Qg7 32. Qxg7+ Kxg7 33. Rf1 f5 34. exf5
gxf5 35. gxf5 Bxf5 36. Bd3 Bd7 37. Bxh7 Nxh7 38. Nce4 Nf8 39. Nd3 Ng6 40. Ng3
Rh8 41. Rh1 Rxh1 42. Kxh1 Nh4 43. Ne1 Kf6 44. Kg1 Bf5 45. Kf2 Bb1 46. Ke3 Nf5+
47. Nxf5 Kxf5 48. Ng2 Ba2 49. Kf2 e4 50. f4 Kg4 51. Ke3 Bb1 52. f5 Kxf5 53. Nf4
Ba2 54. Ne6 Bxc4 55. Nxc7 Ke5 56. Na8 Bxb5 57. Nxb6 Bd3 58. a4 Bc2 59. Nc4+
Kxd5 60. Nxa5 Bxa4 61. Nb7 Bc2 62. Nd8 Bd3 63. Kf4 Ba6 64. Nf7 Bb7 65. Ke3 Bc6
66. Nd8 Ba8 67. Nf7 Bc6 68. Nd8 Ba4 69. Nf7 Bc2 70. Kf4 Kd4 71. Nxd6 e3 72. Kf3
Kd3 73. Nc4 e2 74. Nb2+ Kd2 75. Nc4+ Ke1 76. Ke3 Bb3 77. Nd2 Kd1 0-1

[Event "Tradewise Gibraltar Masters 14th"]
[Site "Gibraltar"]
[Date "2016.01.26"]
[Round "1.17"]
[White "Short, Nigel D"]
[Black "Kharous, Ernest"]
[Result "1-0"]
[WhiteElo "2684"]
[BlackElo "2314"]
[PlyCount "51"]
[EventDate "2016.01.26"]
[EventType "swiss"]
[EventRounds "10"]
[EventCountry "GGB"]
[Source "www.saund.co.uk"]
[SourceDate "2005.02.07"]

1. e4 c5 2. Nc3 a6 3. g3 b5 4. Bg2 Bb7 5. Nh3 Nc6 6. O-O e6 7. d3 Nge7 8. Be3
Nd4 9. Ne2 Qb6 10. c3 Nxe2+ 11. Qxe2 Qc7 12. f4 f5 13. a4 Rb8 14. axb5 axb5 15.
b4 c4 16. Bd4 Nc6 17. exf5 Nxd4 18. cxd4 Bxb4 19. Qh5+ Ke7 20. Qg5+ Kf7 21.
fxe6+ dxe6 22. f5 e5 23. f6 g6 24. Ra7 Rhd8 25. Qh6 Ke6 26. Ng5+ 1-0

[Event "Tradewise Gibraltar Masters 14th"]
[Site "Gibraltar"]
[Date "2016.01.26"]
[Round "1.18"]
[White "De Haan, Eric"]
[Black "Bruzon Batista, Lazaro"]
[Result "0-1"]
[WhiteElo "2313"]
[BlackElo "2666"]
[PlyCount "82"]
[EventDate "2016.01.26"]
[EventType "swiss"]
[EventRounds "10"]
[EventCountry "GGB"]
[Source "www.saund.co.uk"]
[SourceDate "2005.02.07"]

1. d4 Nf6 2. c4 e6 3. Nc3 Bb4 4. e3 O-O 5. Bd3 c5 6. d5 d6 7. Nge2 exd5 8. cxd5
Nbd7 9. O-O a6 10. a4 Re8 11. e4 Ne5 12. Bc2 Bd7 13. f4 Ng6 14. Ng3 c4 15. h3
Bc5+ 16. Kh1 Rc8 17. e5 dxe5 18. f5 Nf4 19. Qf3 Bd4 20. Bxf4 exf4 21. Nge2 Bc5
22. Rad1 b5 23. axb5 axb5 24. Qxf4 b4 25. Ne4 Nxe4 26. Bxe4 Qe7 27. Bf3 Bd6 28.
f6 Qe5 29. Qxe5 Bxe5 30. fxg7 Bxb2 31. Bh5 Rxe2 32. Bxe2 c3 33. Rb1 Ba3 34. Bd3
c2 35. Bxc2 Rxc2 36. Rf6 Kxg7 37. Rd6 Bf5 38. Rd8 Rc3 39. Rf1 b3 40. d6 b2 41.
d7 Rd3 0-1

[Event "Tradewise Gibraltar Masters 14th"]
[Site "Gibraltar"]
[Date "2016.01.26"]
[Round "1.19"]
[White "Kamsky, Gata"]
[Black "Ripari, Marcelo"]
[Result "1-0"]
[WhiteElo "2665"]
[BlackElo "2310"]
[PlyCount "87"]
[EventDate "2016.01.26"]
[EventType "swiss"]
[EventRounds "10"]
[EventCountry "GGB"]
[Source "www.saund.co.uk"]
[SourceDate "2005.02.07"]

1. e4 c5 2. Nf3 Nc6 3. Nc3 e6 4. d4 cxd4 5. Nxd4 Nf6 6. Ndb5 Bb4 7. a3 Bxc3+ 8.
Nxc3 d5 9. exd5 exd5 10. Bd3 O-O 11. O-O d4 12. Ne2 Bg4 13. Bg5 Bh5 14. Re1 Re8
15. Qd2 Qd6 16. Qf4 Qxf4 17. Nxf4 Bg6 18. Nxg6 hxg6 19. Rad1 Nd7 20. h4 Nc5 21.
Bc4 Na4 22. Bb5 Rxe1+ 23. Rxe1 Nc5 24. Bf4 Ne6 25. Bg3 Ne7 26. Be5 Rc8 27. Bd3
Nc6 28. Bh2 Nc5 29. Bf1 a6 30. Bd6 Na4 31. b3 Nc3 32. Bd3 Rd8 33. Bc5 Rd5 34.
Re8+ Kh7 35. b4 Nb5 36. Be4 Rd7 37. h5 Nd6 38. hxg6+ fxg6 39. Bxd6 Rxd6 40. f4
Rf6 41. g3 Rf7 42. Kf2 Rc7 43. Re6 Ne7 44. g4 1-0

[Event "Tradewise Gibraltar Masters 14th"]
[Site "Gibraltar"]
[Date "2016.01.26"]
[Round "1.20"]
[White "Papp, Petra"]
[Black "Duda, Jan-Krzysztof"]
[Result "0-1"]
[WhiteElo "2308"]
[BlackElo "2660"]
[PlyCount "42"]
[EventDate "2016.01.26"]
[EventType "swiss"]
[EventRounds "10"]
[EventCountry "GGB"]
[Source "www.saund.co.uk"]
[SourceDate "2005.02.07"]

1. e4 c5 2. Nf3 e6 3. d4 cxd4 4. Nxd4 Nc6 5. Nc3 d6 6. g4 Nge7 7. Nb3 a6 8. Be3
b5 9. f4 Bb7 10. Qd2 g5 11. O-O-O gxf4 12. Bxf4 Ne5 13. Na5 Qxa5 14. Bxe5 Rg8
15. Qxd6 Nd5 16. Nxd5 Bxd5 17. exd5 Bxd6 18. Bxd6 Rd8 19. dxe6 Qxa2 20. exf7+
Kxf7 21. c3 Rg6 0-1

[Event "Tradewise Gibraltar Masters 14th"]
[Site "Gibraltar"]
[Date "2016.01.26"]
[Round "1.21"]
[White "Ganguly, Surya Shekhar"]
[Black "Bach, Matthias"]
[Result "1/2-1/2"]
[WhiteElo "2660"]
[BlackElo "2301"]
[PlyCount "87"]
[EventDate "2016.01.26"]
[EventType "swiss"]
[EventRounds "10"]
[EventCountry "GGB"]
[Source "www.saund.co.uk"]
[SourceDate "2005.02.07"]

1. e4 e5 2. Nf3 Nc6 3. Bb5 f5 4. d3 fxe4 5. dxe4 Nf6 6. Nc3 d6 7. a3 Be7 8. Bc4
Bg4 9. h3 Bxf3 10. Qxf3 Nd4 11. Qd3 Qd7 12. Be3 Ne6 13. Nd5 Nxd5 14. Qxd5 Nd8
15. Ba2 c6 16. Qb3 b6 17. O-O-O Rf8 18. g3 Nb7 19. f4 exf4 20. gxf4 O-O-O 21.
Qc3 Nc5 22. Rhe1 Bh4 23. Rg1 Nxe4 24. Qxg7 d5 25. Qh6 Bf6 26. Qh5 Qe7 27. Rde1
Rde8 28. Bb3 Kb8 29. Kb1 Bh4 30. Rd1 Ng3 31. Qe5+ Qxe5 32. fxe5 Rxe5 33. Rd3
Ne2 34. Rgd1 Rf3 35. Bh6 Ref5 36. c4 d4 37. Bc2 c5 38. Rxf3 Rxf3 39. Bd3 Rf6
40. Bd2 Nf4 41. Bxh7 Nxh3 42. Rh1 Bg5 43. Rxh3 Bxd2 44. Bd3 1/2-1/2

[Event "Tradewise Gibraltar Masters 14th"]
[Site "Gibraltar"]
[Date "2016.01.26"]
[Round "1.22"]
[White "Goriatchkin, Jouri"]
[Black "Sutovsky, Emil"]
[Result "1/2-1/2"]
[WhiteElo "2300"]
[BlackElo "2647"]
[PlyCount "60"]
[EventDate "2016.01.26"]
[EventType "swiss"]
[EventRounds "10"]
[EventCountry "GGB"]
[Source "www.saund.co.uk"]
[SourceDate "2005.02.07"]

1. d4 Nf6 2. c4 g6 3. Nc3 d5 4. cxd5 Nxd5 5. e4 Nxc3 6. bxc3 Bg7 7. Qa4+ Qd7 8.
Bb5 c6 9. Be2 O-O 10. Qa3 b6 11. Nf3 c5 12. O-O cxd4 13. cxd4 Nc6 14. Bb5 a6
15. Bb2 e6 16. Ne5 Bxe5 17. dxe5 Bb7 18. Rfd1 Qc7 19. Bxc6 Qxc6 20. f3 Rac8 21.
Rac1 Qb5 22. Rxc8 Rxc8 23. Qe7 Qxb2 24. Rd8+ Rxd8 25. Qxd8+ Kg7 26. Qf6+ Kg8
27. Qd8+ Kg7 28. Qf6+ Kg8 29. Qd8+ Kg7 30. Qf6+ Kg8 1/2-1/2

[Event "Tradewise Gibraltar Masters 14th"]
[Site "Gibraltar"]
[Date "2016.01.26"]
[Round "1.23"]
[White "Vidit, Santosh Gujrathi"]
[Black "Bergstrom, Rolf"]
[Result "1-0"]
[WhiteElo "2642"]
[BlackElo "2297"]
[PlyCount "55"]
[EventDate "2016.01.26"]
[EventType "swiss"]
[EventRounds "10"]
[EventCountry "GGB"]
[Source "www.saund.co.uk"]
[SourceDate "2005.02.07"]

1. d4 Nf6 2. c4 e6 3. g3 Bb4+ 4. Nd2 c5 5. a3 Bxd2+ 6. Qxd2 cxd4 7. Nf3 b6 8.
Nxd4 Bb7 9. f3 a6 10. e4 Qc7 11. b4 d5 12. cxd5 exd5 13. Nf5 Nbd7 14. Nxg7+ Kf8
15. Nf5 dxe4 16. Qh6+ Ke8 17. Bb2 exf3 18. Bxf6 f2+ 19. Kxf2 Qc2+ 20. Kg1 Qxf5
21. Re1+ Be4 22. Bxh8 Qf3 23. Rxe4+ Qxe4 24. Qf4 Qxf4 25. gxf4 f6 26. Bh3 Ke7
27. Bxd7 Rxh8 28. Bf5 1-0

[Event "Tradewise Gibraltar Masters 14th"]
[Site "Gibraltar"]
[Date "2016.01.26"]
[Round "1.24"]
[White "Plotkin, Victor"]
[Black "Anton Guijarro, David"]
[Result "1/2-1/2"]
[WhiteElo "2291"]
[BlackElo "2639"]
[PlyCount "68"]
[EventDate "2016.01.26"]
[EventType "swiss"]
[EventRounds "10"]
[EventCountry "GGB"]
[Source "www.saund.co.uk"]
[SourceDate "2005.02.07"]

1. e4 c5 2. c3 d5 3. exd5 Qxd5 4. d4 Nf6 5. Nf3 Bg4 6. Be2 e6 7. h3 Bh5 8. Be3
cxd4 9. cxd4 Bb4+ 10. Nc3 O-O 11. O-O Qa5 12. Qb3 Nc6 13. a3 Bxc3 14. bxc3 Qc7
15. c4 Rad8 16. Rfd1 Rd7 17. d5 Na5 18. Qa2 exd5 19. cxd5 b6 20. Rd4 Rdd8 21.
Bf4 Qc3 22. Bd2 Qb3 23. Bxa5 Qxa2 24. Rxa2 bxa5 25. d6 Rfe8 26. Rc2 Kf8 27. Kf1
Re6 28. Rc5 Rexd6 29. Rxd6 Rxd6 30. Rxa5 Bxf3 31. Bxf3 Rd7 32. Ke2 Ke7 33. Ke3
h6 34. Ra4 Ke6 1/2-1/2

[Event "Tradewise Gibraltar Masters 14th"]
[Site "Gibraltar"]
[Date "2016.01.26"]
[Round "1.25"]
[White "Sethuraman, S.P."]
[Black "Pratyusha, Bodda"]
[Result "1-0"]
[WhiteElo "2639"]
[BlackElo "2278"]
[PlyCount "49"]
[EventDate "2016.01.26"]
[EventType "swiss"]
[EventRounds "10"]
[EventCountry "GGB"]
[Source "www.saund.co.uk"]
[SourceDate "2005.02.07"]

1. c4 c5 2. Nf3 Nc6 3. d4 cxd4 4. Nxd4 Nf6 5. Nc3 e6 6. g3 Ne5 7. Ndb5 Qb6 8.
Bg2 a6 9. Na4 Qa5+ 10. Nbc3 Nxc4 11. O-O d5 12. b3 Nb6 13. Nxb6 Qxb6 14. e4
Nxe4 15. Nxe4 dxe4 16. Bb2 Bd7 17. Bxe4 Bb5 18. Qf3 Rd8 19. Rfd1 Rxd1+ 20. Rxd1
Bc6 21. Re1 Bd7 22. Bxb7 f6 23. Bc8 Bc5 24. Qh5+ Ke7 25. Bxd7 1-0